000 00601nam a22001697a 4500
003 OSt
005 20171010095504.0
008 120730t xxu||||| |||| 00| 0 eng d
040 _aMMSU
_cULS
100 _aBorja, Nelsie R., Macugay, Ronalyn A.
_911638
245 _aA Web marketing tool for Northpoint Computer Technology Center
_cNelsie R. Borja, Ronalyn A. Macugay
260 _c2008
300 _axi, [99] leaves
_c28 cm.
500 _aThesis (BS Computer Science) -- Mariano Marcos State University-College of Arts & Sciences, Batac City
504 _aBibliography: leaf 56
942 _2ddc
_cTHEDIS
999 _c9669
_d9669